| 000 | 00422nam a22001217a 4500 | ||
|---|---|---|---|
| 999 |
_c532176 _d532176 |
||
| 008 | 260101b ||||| |||| 00| 0 eng d | ||
| 100 |
_aPrakash, Vinson _958373 |
||
| 245 | _aPrecursors of the emergency: The sparks that lit the fire | ||
| 260 | _aCommon Cause: Policy Oriented Journal Since 1982 | ||
| 300 | _a44(3), Jul-Sep, 2025: p.23-29 | ||
| 773 | _aCommon Cause: Policy Oriented Journal Since 1982 | ||
| 942 | _cAR | ||